MARC

LEADER 00000nam0a2200000 4500
001 268838
005 20231101234213.0
035 |a (RuTPU)RU\TPU\book\291994 
090 |a 268838 
100 |a 20140909d1987 k y0rusy5003 ca 
101 0 |a rus 
102 |a RU 
105 |a a z 001zy 
200 1 |a Свойства грунтов и инженерно-геологические процессы  |e сборник статей  |f Академия наук СССР (АН СССР) ; СССР, Государственный комитет по делам строительства (Госстрой СССР) ; Производственный и научно-исследовательский институт по инженерным изысканиям в строительстве (ПНИИИС) ; отв. ред. Р. С. Зиангиров , Н. Л. Шешеня 
210 |a Москва  |c Наука  |d 1987 
215 |a 151 с.  |c ил.  |d 21 см 
320 |a Библиогр. в конце статей 
606 1 |a Инженерная геология  |2 stltpush  |3 (RuTPU)RU\TPU\subj\12572  |9 39335 
610 1 |a грунты 
610 1 |a физико-механические свойства 
610 1 |a инженерно-геологические процессы 
610 1 |a формирование 
610 1 |a распространение 
610 1 |a оползневые склоны 
610 1 |a переработка 
610 1 |a прогноз 
610 1 |a равнинные водохранилища 
610 1 |a берега 
675 |a 624.131.1  |z rus  |v 3 
702 1 |a Зиангиров  |b Р. С.  |4 340 
702 1 |a Шешеня  |b Н. Л.  |4 340 
712 0 2 |a Академия наук СССР (АН СССР)  |2 stltpush  |3 (RuTPU)RU\TPU\col\722 
712 0 1 |a СССР  |b Государственный комитет по делам строительства (Госстрой СССР)  |c (1950-1991)  |2 stltpush  |3 (RuTPU)RU\TPU\col\7934 
712 0 2 |a Производственный и научно-исследовательский институт по инженерным изысканиям в строительстве (ПНИИИС)  |2 stltpush  |3 (RuTPU)RU\TPU\col\7464 
801 0 |a RU  |b RuMRKP  |c 19950417  |g psbo 
801 1 |a RU  |b 63413507  |c 20140909 
801 2 |a RU  |b 63413507  |c 20161017  |g RCR 
942 |c BK